000 00567nam a2200193Ia 4500
003 OSt
005 20260102153051.0
008 210210b1951 xxu||||| |||| 00| 0 eng d
040 _cAL
041 _akan
082 _a859/1848
100 _aSHANKARABHATTA (B)
_9156616
_dಶಂಕರಭಟ್ಟ (ಬಿ)
245 _aDarshanada kathegalu:
_bದರ್ಶನದ ಕತೆಗಳು
260 _aMangaluru
_b-
_c1951
690 _aKannada Fiction
_9156617
700 _aSHARMA (B M)
_9156618
_dಶರ್ಮಾ (ಬಿ ಎಂ).
906 _a022566
942 _2ddc
_cBK
999 _c147014
_d147014